000 00429nam a22001577a 4500
005 20180208141949.0
008 160428b xxu||||| |||| 00| 0 eng d
041 _aeng
082 _b00627
_a005.73
100 _aHorowitz, Ellis and sahni, sartaj
_94128
245 _aFundamentals of Data Structures
260 _aNew Delhi
_bGalgotia Publ. Pvt. Ltd.
_c2003
300 _a564
650 _aInformation Technology
_9137
942 _cBK
999 _c179
_d179